Sahaj swarup kausalya/ (Record no. 39130)

000 -LEADER
fixed length control field 00385nam a22001571a 4500
020 ## - INTERNATIONAL STANDARD BOOK NUMBER
ISBN 9788190259576
082 ## - DEWEY DECIMAL CLASSIFICATION NUMBER
Classification number H3
Item number BAJ/S
100 ## - MAIN ENTRY--AUTHOR NAME
Personal name Bajarang Dutta Mishra
245 ## - TITLE STATEMENT
Title Sahaj swarup kausalya/
Statement of responsibility, etc by Bajarang Dutta Mishra
260 ## - PUBLICATION, DISTRIBUTION, ETC. (IMPRINT)
Place of publication Illahabad:
Name of publisher Ankur,
Year of publication 2005.
300 ## - PHYSICAL DESCRIPTION
Number of Pages 104p.
650 ## - SUBJECT ADDED ENTRY--TOPICAL TERM
Topical Term Novel Hindi
650 ## - SUBJECT ADDED ENTRY--TOPICAL TERM
Topical Term Literature Hindi
650 ## - SUBJECT ADDED ENTRY--TOPICAL TERM
Topical Term Literature
942 ## - ADDED ENTRY ELEMENTS (KOHA)
Koha item type Book
Holdings
Withdrawn status Lost status Damaged status Not for loan Permanent Location Current Location Date acquired Cost, normal purchase price Full call number Accession Number Cost, replacement price Price effective from Koha item type
        Sree Sankaracharya University of Sanskrit Sree Sankaracharya University of Sanskrit 08.01.2015 140.00 H3 BAJ/S 059693 0.00 08.01.2015 Book